000
00291nam a22001337a 4500
008
170906b xxu||||| |||| 00| 0 eng d
020
_a
9780442008826
041
_a
eng
080
_a
72
100
_a
41
101
_a
ARK
245
_a
BEUTIFUL BARRIER-FREE
_c
LEIBROCK, C
942
_2
udc
_c
BK
999
_c
26231
_d
26231